000
00256nam a2200109Ia 4500
999
_c
9927
_d
9927
020
_a
978-0138596873
100
_a
James C, Van Horne
245
0
_a
Fundamentals of Financial Management
260
_a
India
_b
PHI Learning
_c
2004
300
_a
455
942
_c
BK